'50s and '60s Sitcoms Quiz Stats

 Plays Quiz Updated Oct 18, 2015

Also try: 2000s Sitcoms
Challenge
Share
Tweet
Score 0/30 Timer 07:00
6 Plays Today
sitcom % Correct
The Flintstones
91.9%
The Addams Family
89.8%
I Love Lucy
89.7%
The Jetsons
88.4%
The Munsters
87.1%
Gilligan's Island
85.7%
Leave it to Beaver
83.3%
I Dream of Jeannie
82.7%
Mr. Ed
82.5%
The Andy Griffith Show
81.6%
The Monkees
80.1%
Bewitched
79.4%
The Beverly Hillbillies
79%
The Dick Van Dyke Show
78.1%
The Honeymooners
77.4%
sitcom % Correct
The Flying Nun
76.5%
Hogan's Heroes
74%
Green Acres
73.7%
Get Smart
72.3%
My Three Sons
68%
Gomer Pyle U.S.M.C.
67.4%
Father Knows Best
61%
Car 54 Where Are You?
58.1%
Dennis the Menace
56%
Petticoat Junction
49.3%
Make Room for Daddy
47.2%
Amos & Andy
45.8%
The Adventures of Ozzie and Harriet
44.3%
The Donna Reed Show
41.5%
The Burns & Allen Show
40.3%

You're not logged in!

Compare scores with friends on all Sporcle quizzes.
OR
Log In

You Might Also Like...

Show Comments

Extras

Top Quizzes Today


Score Distribution

Your Account Isn't Verified!

In order to create a playlist on Sporcle, you need to verify the email address you used during registration. Go to your Sporcle Settings to finish the process.

Report this User

Report this user for behavior that violates our Community Guidelines.

Details: